Plant breeding reviews V.15 (Record no. 41330)

MARC details
000 -LEADER
fixed length control field 00366nam a2200145Ia 4500
082 ## - DEWEY DECIMAL CLASSIFICATION NUMBER
Classification number 575:631.52
Item number PLA.15
245 #0 - TITLE STATEMENT
Title Plant breeding reviews V.15
260 ## - PUBLICATION, DISTRIBUTION, ETC. (IMPRINT)
Place of publication New York
Name of publisher John Wiley & Sons
Year of publication 1997
650 ## - SUBJECT ADDED ENTRY--TOPICAL TERM
Topical Term Gene action
650 ## - SUBJECT ADDED ENTRY--TOPICAL TERM
Topical Term Genetic mosaics
650 ## - SUBJECT ADDED ENTRY--TOPICAL TERM
Topical Term QTL
700 ## - ADDED ENTRY--PERSONAL NAME
Personal name Janick, Jules
942 ## - ADDED ENTRY ELEMENTS (KOHA)
Koha item type Books
Holdings
Withdrawn status Lost status Damaged status Not for loan Home library Current library Date acquired Cost, normal purchase price Full call number Accession Number Koha item type
        RRII Library RRII Library 16/12/2021 145.00 575:631.52 PLA.15 21618 Books